000 00687nam a22001937a 4500
001 TVUNI
005 20260126014717.0
008 221111s2019 vm vie d
040 _aTVUNI
_eAACR2
041 0 _avie
100 1 _aNguyễn, Văn Hùng
245 1 0 _aPhát triển kinh tế bền vững trên địa bàn huyện tam Nông - Tỉnh phú thọ :
_bLuận văn Thạc Sĩ quản lý kinh tế /
_cNguyễn Văn Hùng
260 _aVĩnh Phúc :
_bTrường ĐH Trưng Vương,
_c2019
300 _a77 tr.
500 _aBộ Giáo Dục và Đào Tạo Trường Đại Học Trưng Vương
942 _2ddc
_cLVLA
999 _c3353
_d3353
911 _a1
_bHiển Phạm
912 _a1
_bHiển Phạm